00510nam a22001697a 450000500170000001000170001702000250003403500170005903700190007608200060009510000180010124500500011926000310016927000980020030000320029849000100033020111228111221.0 aB-470803-813 a9788128628894c40.00 aB-470803-813 bBlue Berry/Ven aS aBlyton, Enid  aNoddy and the singing bush /cby Enid Blyton aMumbai bEuro Books c2011 aDani Corporat e Park, First Floor, 158, Vidyanagari Marg, Kalina, SantacruzbMumbaie400098 aunpages bill.c20cm(pbk)  aNody